| 000 | 00850nam a2200289 c 4500 | ||
|---|---|---|---|
| 003 | BLK | ||
| 005 | 20190913121312.0 | ||
| 008 | 180911b bul|||||r ||||||| ||bul|| | ||
| 010 | _a004247 | ||
| 040 | _aBLK | ||
| 041 | _aFRE | ||
| 080 | _z840-4 | ||
| 100 | 1 |
_aGIDE, Andre _eпърви автор |
|
| 245 | 0 | 0 | _aRetouches a mon retour de l'U.R.S.S. |
| 246 | _pепос-публицистика | ||
| 250 | _a77. ed | ||
| 260 |
_aParis _bGallimard _c1937 |
||
| 300 |
_a128 с _c19 см |
||
| 380 | _a82 | ||
| 490 |
_aЧастна колекция - Академик Михаил Арнаудов _gДарение - Основен фонд |
||
| 653 |
_9 _aепос |
||
| 653 |
_9 _aпублицистика |
||
| 655 | _aфренска литература | ||
| 700 | 1 | _aAndre Gide | |
| 852 | _aМА 1279 | ||
| 942 |
_cKNG _n0 |
||
| 944 |
_aCR _c1996 _kValK |
||
| 999 |
_c344582 _d344582 |
||